000 00174nam a22000857a 4500
008 161015b xxu||||| |||| 00| 0 eng d
100 _9860
_aRAH
245 _aHindi
260 _c2004
999 _c3513
_d3513